• 首页
  • 本馆介绍
  • 公告通知
  • 最新文献
  • 馆藏检索
  • 电子资源
  • 读者导购
  • 参考咨询
  • 我的图书馆
  • 登录
  • 详细信息显示
  • 放入我的书架
  • 预约/预借图书
  • 作者相关作品
  • 分类相关作品
  • 丛书相关作品
  • 出版社相关作品

书目信息

  • 表格格式
  • 工作单格式
  • 卡片格式
题名:
生灭过程
    
 
作者: 侯振挺 著
分册:  
出版信息: 长沙   湖南科学技术出版社  2000.5
页数: 475页
开本: 20cm
丛书名:
单 册:
中图分类: O211.62
科图分类:
主题词: 概率论 , 数理统计
电子资源:
ISBN: 7-5357-2718-2
000 00567nam0 2200205 45
001 0112291578
005 20031219104052.4
010    @a7-5357-2718-2@b精装@dCNY50.00
100    @a20011229d2000 km y0chiy0120 ea
101 0  @achi
105    @a z 000yy
200 1  @a生灭过程@ASheng Mie Guo Cheng@f侯振挺等著@FHou Zhen Ting Deng Zhu
210    @a长沙@c湖南科学技术出版社@d2000.5
215    @a475页@d20cm
606 0  @a概率论
606 0  @a数理统计
690    @aO211.62@v4
701  0 @a侯振挺@4著
801    @aCN@bTSTC@c20011229
905    @b302874-881@dO211.62@e106@f8
    
    生灭过程/侯振挺等著.-长沙:湖南科学技术出版社,2000.5
    475页;20cm
    
    
    ISBN 7-5357-2718-2(精装):CNY50.00
    
●
相关链接 在E读中查询图书 在五车中查询图书 在当当中查询图书 在豆瓣中查询图书


正题名:生灭过程     索取号:O211.62/106         预约/预借

序号 登录号 条形码 馆藏地/架位号 状态 备注
1 0302874   203028749   第三借阅区/ [索取号:O211.62/106] 在馆    
2 0302875   203028758   第三借阅区/ [索取号:O211.62/106] 在馆    
3 0302876   203028767   第三借阅区/ [索取号:O211.62/106] 在馆    
4 0302877   203028776   第三借阅区/ [索取号:O211.62/106] 在馆    
5 0302878   203028785   第三借阅区/ [索取号:O211.62/106] 在馆    
6 0302879   203028794   第三借阅区/ [索取号:O211.62/106] 在馆    
7 0302880   203028801   第三借阅区/ [索取号:O211.62/106] 在馆    
8 0302881   203028810   第二样本阅览室/ [索取号:O211.62/106] 在馆    
唐山师范学院图书馆 欢迎您!
大连网信软件有限公司© 版权所有